000 00602nam a22002297a 4500
001 35362
003 BD-RjUL
005 20211209052316.0
008 140524s1966 enka s 001 0 eng d
035 _a(BD-RjUL)35456
040 _aBD-RjUL
_beng
_cBD-RjUL
041 _aeng
082 _a519.5
_bHAO 1960
100 1 _aHays, Samuel.
_9107724
245 _a An outline of statistics /
_cby Samuel Hays.
250 _a5th ed.
260 _aLondon :
_bLongmans,
_cc1960.
300 _aix, 309 p. :
_billus. ;
_c18 cm.
504 _aIncludes index.
650 0 _aStatistics.
_9107725
942 _2ddc
_cBK
999 _c35362
_d35362